[Event "Aberto Goiano"]
[Site "http://www.queenalice.com/game.php?id=1190693"]
[Date "2013.6.13"]
[Round "1"]
[White "pgierech"]
[Black "ravague"]
[Result "1-0"]
[WhiteElo "2036"]
[BlackElo "1864"]

1. e4 e5 2. f4 exf4 3. Nf3 Nc6 4. d4 d5 5. e5 Bg4 6. Be2 Bxf3 7. Bxf3 f5 8. Bxf4
g5 9. Bh5+ Kd7 10. Qd3 Nh6 11. Bg3 Qe7 12. Nc3 Qe6 13. O-O-O Rd8 14. h3 Bg7 15.
Qb5 Kc8 16. Na4 Bf8 17. Rhf1 a6 18. Qb3 Kb8 19. Be2 Ka8 20. Be1 Nf7 21. g4 f4
22. Bf2 Rb8 23. c4 Na5 24. Qc3 Nc6 25. c5 Bg7 26. Bd3 Qe8 27. Qa3 Qd7 28. Nc3
Rhe8 29. b4 Bxe5 30. dxe5 Nfxe5 31. Bf5 Qg7 32. Nxd5 Nc4 33. Qc3 Qxc3+ 34. Nxc3
Nxb4 35. Kb1 Rbd8 36. Ne4 h6 37. Rxd8+ Rxd8 38. Rc1 Nd2+ 39. Ka1 Nxe4 40. Bxe4
Rd2 41. Be1 Rxa2+ 42. Kb1 Ra3 43. Kb2 Nd3+ 44. Kxa3 Nxc1 45. Bc3 Ne2 46. Bg7 Ng3
47. Bf3 1-0

[Event "AUTO-ADV-2830"]
[Site "http://www.queenalice.com/game.php?id=1200996"]
[Date "2013.7.19"]
[Round "2"]
[White "willyanF"]
[Black "ravague"]
[Result "0-1"]
[WhiteElo "1936"]
[BlackElo "1854"]

1. d4 d5 2. c4 dxc4 3. Qa4+ Bd7 4. Qxc4 Nf6 5. Nf3 e6 6. Bg5 Be7 7. Nbd2 Nc6 8.
e3 O-O 9. Bd3 h6 10. Bh4 a6 11. O-O b5 12. Qc2 Nb4 13. Qc3 a5 14. Be2 Nfd5 15.
Bxe7 Qxe7 16. Ne5 Nxc3 0-1

[Event "AUTO-ADV-2830"]
[Site "http://www.queenalice.com/game.php?id=1200997"]
[Date "2013.7.19"]
[Round "2"]
[White "ravague"]
[Black "willyanF"]
[Result "0-1"]
[WhiteElo "1855"]
[BlackElo "1891"]

1. e4 c5 2. f4 Nc6 3. Bc4 e6 4. Nf3 Nf6 5. Nc3 Be7 6. O-O O-O 7. a3 d6 8. Kh1 a6
9. d3 b5 10. Ba2 Bb7 11. Bd2 Nd7 12. Ne2 f5 13. Bxe6+ Kh8 14. Ng3 fxe4 15. Nxe4
Nf6 16. Nfg5 Nxe4 17. Nxe4 Nd4 18. Ba2 d5 19. Ng5 h6 20. Qh5 Kg8 21. Qg6 hxg5
22. fxg5 Nxc2 0-1

[Event "AUTO-ADV-2766"]
[Site "http://www.queenalice.com/game.php?id=1203484"]
[Date "2013.7.29"]
[Round "2"]
[White "ravague"]
[Black "vivafischer"]
[Result "0-1"]
[WhiteElo "1864"]
[BlackElo "2067"]

1. e4 e6 2. d4 d5 3. e5 c5 4. c3 Nc6 5. Nf3 Qb6 6. Na3 Nge7 7. Be2 cxd4 8. cxd4
Nf5 9. O-O a6 10. Nc2 Be7 11. g4 Nh4 12. b3 Nxf3+ 13. Bxf3 O-O 14. Be3 f6 15.
Bg2 Bd7 16. f4 fxe5 17. fxe5 Rxf1+ 18. Bxf1 Rf8 19. Bd3 g6 20. Bh6 Rf7 21. Kg2
Bh4 22. Kh3 Bf2 23. Qd2 Bxd4 24. Nxd4 Qxd4 25. Rc1 Rf3+ 26. Kh4 Qxd3 0-1

[Event "AUTO-ADV-2766"]
[Site "http://www.queenalice.com/game.php?id=1203485"]
[Date "2013.7.29"]
[Round "2"]
[White "vivafischer"]
[Black "ravague"]
[Result "1-0"]
[WhiteElo "2191"]
[BlackElo "1880"]

1. e4 e5 2. Nf3 f5 3. exf5 Nf6 4. d4 e4 5. Ne5 d6 6. Nc4 Bxf5 7. Nc3 d5 8. Ne5
Bd6 9. Bg5 c6 10. Be2 O-O 11. f4 h6 12. Bh4 Qb6 13. a3 Qxb2 14. Na4 1-0

[Event "AUTO-ADV-2797"]
[Site "http://www.queenalice.com/game.php?id=1203956"]
[Date "2013.7.30"]
[Round "2"]
[White "Canaye"]
[Black "ravague"]
[Result "0-1"]
[WhiteElo "1955"]
[BlackElo "1840"]

1. d4 d5 2. c4 dxc4 3. e3 Bf5 4. Qf3 Bc8 5. Bxc4 Nf6 6. Nc3 g6 7. Nge2 Bg7 8.
Ne4 O-O 9. O-O c6 10. h3 b5 11. Bb3 Bb7 12. Nc5 Bc8 13. e4 e6 14. Bg5 Nbd7 15.
e5 a5 16. Ne4 Qc7 17. Rac1 Nxe4 18. Qxe4 Bb7 19. d5 exd5 20. Bxd5 Qxe5 21. Qxe5
Nxe5 22. Be4 Rac8 23. f4 Nc4 24. b3 Ne3 25. Rf3 Nf5 26. Bxf5 gxf5 27. Ng3 c5 28.
Re3 Bd4 29. Kf2 Rfe8 30. Nxf5 Bxe3+ 31. Nxe3 Be4 32. f5 Bd3 33. Ng4 Re2+ 34. Kg3
Bxf5 35. Nf6+ Kg7 36. Bh4 Rxa2 37. Nh5+ Kh6 38. Nf6 Rb2 39. Rf1 Rxb3+ 40. Kh2
Be6 41. Ng4+ Kg7 42. Bf6+ Kf8 43. Ne5 c4 44. Bg5 c3 45. Bh6+ Kg8 46. Rf3 c2 47.
Rxb3 Bxb3 48. Bc1 Ra8 49. Nc6 a4 50. Ba3 f5 51. Ne7+ Kf7 52. Nxf5 b4 53. Bc1 a3
54. Nd4 Bd5 55. Nxc2 a2 56. Na1 Re8 57. Kg3 Re2 58. h4 b3 59. Kf4 b2 60. Bxb2
Rxb2 61. g4 Re2 62. g5 Kg6 63. h5+ Kg7 64. Kf5 h6 65. gxh6+ Kxh6 66. Kf4 Kxh5
67. Kg3 Kg5 68. Kh3 Kf4 69. Nc2 Be6+ 70. Kh4 Rh2# 0-1

[Event "AUTO-ADV-2797"]
[Site "http://www.queenalice.com/game.php?id=1203957"]
[Date "2013.7.30"]
[Round "2"]
[White "ravague"]
[Black "Canaye"]
[Result "1-0"]
[WhiteElo "1861"]
[BlackElo "1896"]

1. e4 e6 2. d4 d5 3. e5 c5 4. Nf3 Nc6 5. Bb5 Qb6 6. Nc3 Bd7 7. Bxc6 Bxc6 8. b3
cxd4 9. Nxd4 Bb4 10. Bb2 Ne7 11. O-O Ng6 12. Nf3 O-O-O 13. a3 Be7 14. Ne2 Rhg8
15. b4 Bb5 16. Rc1 Kb8 17. Bd4 Qc6 18. Nc3 Bxf1 19. Kxf1 h5 20. Qe2 Nf4 21. Qe3
g5 22. Bxa7+ Ka8 23. Bd4 Rg7 24. b5 Qe8 25. a4 h4 26. a5 Bb4 27. a6 Bxc3 28.
axb7+ Kxb7 29. Kg1 Bxd4 30. Nxd4 Rc8 31. Ra1 Ra8 32. Rc1 Qe7 33. Nc6 Qc7 34. c4
Ra2 35. Kh1 Qb6 36. Nd8+ Qxd8 37. c5 d4 38. Qb3 Rxf2 39. Qa3 Nd5 40. c6+ Kb8 41.
b6 Qxb6 42. Qf8+ Kc7 43. Qd6+ Kc8 44. Ra1 Ra2 45. Qd7+ Kb8 46. Qd6+ Qc7 47. Rb1+
Kc8 48. Qf8+ Qd8 49. Rb8+ Kxb8 50. Qxd8+ Ka7 51. h3 f5 52. exf6 Rf7 53. Qd7+ Nc7
54. Qxf7 Kb6 55. Qd7 e5 56. f7 Rf2 57. Qe8 Rf1+ 58. Kh2 e4 59. f8=Q Rxf8 60.
Qxf8 Kxc6 61. Qf6+ Kc5 62. Qxg5+ Kc4 63. Qc1+ Kd3 64. Qxc7 e3 65. Qc1 Ke4 66. g4
d3 67. g5 d2 68. Qd1 Kd3 69. Kg2 e2 70. Qb3+ Ke4 71. Qf3+ Kd4 72. Qxe2 Kc3 73.
Qd1 Kd3 74. g6 1-0

[Event "AUTO-MASTER-1868"]
[Site "http://www.queenalice.com/game.php?id=1215043"]
[Date "2013.9.7"]
[Round "2"]
[White "CCapivara"]
[Black "ravague"]
[Result "1-0"]
[WhiteElo "2030"]
[BlackElo "1856"]

1. e4 e5 2. Nf3 d6 3. Bc4 h6 4. O-O Nf6 5. d3 Nc6 6. c3 Na5 7. Bb5+ c6 8. Ba4 b5
9. Bc2 Be7 10. h3 Bb7 11. b4 1-0

[Event "AUTO-MASTER-1868"]
[Site "http://www.queenalice.com/game.php?id=1215044"]
[Date "2013.9.7"]
[Round "2"]
[White "ravague"]
[Black "CCapivara"]
[Result "0-1"]
[WhiteElo "1873"]
[BlackElo "2096"]

1. e4 d6 2. f4 Nf6 3. Nc3 c6 4. Nf3 Bg4 5. Bc4 d5 6. exd5 cxd5 7. Bb5+ Nc6 8. h3
Bxf3 9. Qxf3 e6 10. d4 Bb4 11. O-O O-O 12. a3 Bxc3 13. bxc3 Rc8 14. Ba4 Ne4 15.
Bb5 a6 16. Bd3 f5 17. a4 Na5 18. Ba3 Rf6 19. Bb4 Nc4 20. Rfe1 Rg6 21. Bxe4 fxe4
22. Qe2 a5 23. Ba3 Qh4 24. Bc1 Qxh3 25. f5 exf5 26. Bf4 Qxc3 0-1

[Event "AUTO-MASTER-1868"]
[Site "http://www.queenalice.com/game.php?id=1215048"]
[Date "2013.9.7"]
[Round "2"]
[White "ravague"]
[Black "chunyi2012"]
[Result "0-1"]
[WhiteElo "1878"]
[BlackElo "2231"]

1. e4 e5 2. f4 exf4 3. Nf3 g5 4. Bc4 Bg7 5. d4 h6 6. Nc3 d6 7. O-O Nc6 8. Nd5
Nge7 9. e5 dxe5 10. dxe5 Nxd5 11. Bxd5 Nxe5 12. Re1 Qd6 0-1